| 000 | 00539 a2200205 4500 | ||
|---|---|---|---|
| 005 | 20260401115958.0 | ||
| 008 | 260319b |||||||| |||| 00| 0 eng d | ||
| 020 |
_a9788196475208 _cRs. 595.00 |
||
| 040 | _aMAIN | ||
| 082 |
_a591.87 _bR186A |
||
| 100 | _aRastogi, Veer Bala | ||
| 245 | _aAnimal cell culture and technology | ||
| 260 |
_bMedtech Science Press _c2026 _aNew Delhi |
||
| 300 | _axiv, 262 | ||
| 650 | _aZoology | ||
| 650 | _aAnimal Cell Culture | ||
| 650 | _aCell Culture | ||
| 700 | _aNirvika, Rastogi | ||
| 942 | _cBK | ||
| 999 |
_c395204 _d395204 |
||